000
00304nam a22001337a 4500
008
170424b xxu||||| |||| 00| 0 eng d
020
_a
9780030336041
041
_a
eng
080
_2
5TH
_a
547
100
_a
12
101
_a
SHM
245
_a
CHEMISTRY & CHEMICAL REACTIVITY
_c
TREICHEL
942
_2
udc
_c
BK
999
_c
11671
_d
11671